Представление документа в формате RUSMARC

ПолеНазваниеЗначение
  Тип записи a
  Библиографический уровень a
001 Контрольный номер RU/CBS_UL/BASE/a029b12138bd49e6baeae8de0b91a5a7
005 Дата корректировки 20260130144132.3
100 Данные общей обработки __
a Данные общей обработки 20260130 ||| 0rusy0189 ca
101 Язык документа 0_
a Язык текста rus
102 Страна публикации __
a Страна публикации RU
200 Заглавие и сведения об ответственности 1_
a Заглавие На чистую воду
e Сведения, относящиеся к заглавию [как происходил поиск изменников Родины в годы Великой Отечественной войны рассказывает историк Б. Ковалёв]
f Первые сведения об ответственности Б. Ковалёв
g Последующие сведения об ответственности бесед. О. Назаров
300 Общие примечания __
a Общие примечания 12+
461 Уровень набора _0
1 2000
a Историк
463 Уровень физической единицы _0
1 2000
a № 11
v С. 26-31 : фото
1 2101
d 2025
1 001RU/CBS_UL/BASE/e40fccab52264027ade38d5d9a864c5d
606 Тематические рубрики 0_
a Основная рубрика Великая Отечественная война - 1941-1945 - Предатели
610 Ключевые слова 0_
a Ключевые слова Великая Отечественная война
610 Ключевые слова 0_
a Ключевые слова предатели в годы Великой Отечественной войны
610 Ключевые слова 0_
a Ключевые слова изменники в годы Великой Отечественной войны
610 Ключевые слова 0_
a Ключевые слова предатели Родины
610 Ключевые слова 0_
a Ключевые слова изменники Родины
610 Ключевые слова 0_
a Ключевые слова коллаборационизм
610 Ключевые слова 0_
a Ключевые слова коллаборационисты
610 Ключевые слова 0_
a Ключевые слова пособники нацистов в СССР
610 Ключевые слова 0_
a Ключевые слова сотрудничество с фашистами в годы Великой Отечественной войны
610 Ключевые слова 0_
a Ключевые слова каратели
610 Ключевые слова 0_
a Ключевые слова оккупированные советские территории
610 Ключевые слова 0_
a Ключевые слова судебные процессы над пособниками нацистов
610 Ключевые слова 0_
a Ключевые слова судебные процессы над коллаборационистами
610 Ключевые слова 0_
a Ключевые слова расстрелы изменников Родины
686 Индексы других классификаций __
2 Код системы rubbk
a Классификационный индекс 63.3(2)622
700 Автор _1
a Фамилия Ковалёв
b Имя (инициалы) Б.
801 Источник записи _0
a Страна RU
b Организация МБУК ЦБС г. Ульяновска
c Дата составления 20260130
g Правила каталогизации RCR
801 Источник записи _1
a Страна RU
b Организация МБУК ЦБС г. Ульяновска
c Дата составления 20260130
g Правила каталогизации RCR
901 Тип документа __
t Тип документа b
w Контрольный № источника RU/CBS_UL/BASE/e40fccab52264027ade38d5d9a864c5d
909 Создатель записи __
a Создатель записи lib2